000 00556nam a22002177a 4500
003 UA-OsUOA
001 91439
007 ta
008 20121128b un ||||| |||| 00| 0 ukr d
090 _a821.161.2
_bТ17
942 _cBK
040 _aUA-OsUOA
_bukr
_cUA-OsUOA
_dUA-OsUOA
245 _aТам, коло Дунаю
300 _a301 с.
955 _a3
041 _aukr
080 _a821.161.2
260 _aУжгород
_bКарпати
_c1976
650 7 _a82 Література. Літературознавство
_2UDC
999 _c377698
_d377698